| 000 | 01239nam a2200265Ia 4500 | ||
|---|---|---|---|
| 999 |
_c34792 _d34792 |
||
| 001 | 602 | ||
| 003 | GE_BSU | ||
| 005 | 20221010150835.0 | ||
| 008 | 181216s2008||||ge |||||||||||||| ||geo|| | ||
| 020 | _a9789941404139 | ||
| 040 | _cGE_BSU | ||
| 041 | _ageo | ||
| 080 | _a1 | ||
| 100 |
_aთევზაძე, გურამ _914126 |
||
| 245 |
_aაღორძინების ეპოქის ფილოსოფია = Philosophy of the renaissance era : _b(მარსილიო ფიჩინოდან იაკობ ბოემემდე) / _cგურამ თევზაძე ; [რედ. თენგიზ ირემაძე] ; საქ. მეცნ. ეროვნ. აკად |
||
| 264 |
_aთბილისი : _bნეკერი, _c2008. |
||
| 300 |
_a254 გვ.; _b21 სმ. |
||
| 501 | _aპირთა საძ.: 248-254. | ||
| 504 | _aბიბლიოგრ.: გვ. 243-247. | ||
| 541 | _h10ლ. | ||
| 653 | _aფილოსოფია | ||
| 653 | _aევროპის ქვეყნების ფილოსოფიის ისტორია. | ||
| 700 |
_aირემაძე, თენგიზ _eრედაქტორი _92229 |
||
| 942 |
_cBK _2udc |
||